Steven Universe ~ Name the song - Statistics

General Stats
  • This quiz has been taken 306 times
  • The average score is 14 of 20
Answer Stats
Song Hint Answer % Correct
All I want to do is see you turn into a... _____ _____ Giant Woman
98%
This is Garnet, back together. Stronger than you
95%
You __ ___ ___ ___, that is to say, you do it for him. Do it for Her/Him
91%
Garnet, Amethyst, and Pearl. And Steven! Steven Universe Theme
84%
I could do about anything, I could even learn how to... ____ ___ ___ Love like you
83%
Take a moment to think of just flexibility, love and trust. Here Comes a Thought
82%
Life and death and love and birth and _____ and ____ on the Planet Earth Peace and Love (On the Planet Earth
80%
Don’t you know I miss her too? But tell me, ____ ___ ___ __ _______ blue? What’s the use of feeling? (Blue)
79%
He’s a frozen treat with an all new taste! Cookie Cat
76%
I can show you how to be S___g. __ ___ ____ ___. Strong in the Real Way
70%
Where did we go? What did we do? I think we made S________ ________ ___. Something entirely new
67%
_____ ______! You fled into the bottom of the sea. Lapis Lazuli (Song)
66%
Everybody told me gem stuffs’ dangerous. I guess I didn’t believe it, until now. Full Disclosure (Song)
56%
I see a tower built out of my mistakes, and it all comes crashing down. Tower of Mistakes
56%
I can’t help it if I make a scene, stepping out of my hot pink limousine. Haven’t you noticed (I’m a star)
46%
___ ___ _ __ that no one else can do? What can I do (For you?)
46%
Isn’t it such a beautiful night? We’re underneath a thousand shining stars. Be Wherever you are
45%
What do I do with all this money? When the only thing I want is you. Don’t cost nothing
45%
...and lets bring Pearl. Empire City (Song)
45%
But we’re leaving them behind, we’re __ ___ ___. On the Run
44%
No matching quizzes found
Score Distribution
Percent of People with Each Score
Percentile by Number Answered
Your Score History
You have not taken this quiz